| 000 | 00852nam a2200253Ia 4500 | ||
|---|---|---|---|
| 003 | GCL | ||
| 008 | 140319s9999 xx 000 0 ara d | ||
| 040 |
_aGCL / _cGCL |
||
| 082 | 0 | 4 |
_a301.361 _bم خ |
| 100 | 1 | _aفاروق اسماعيل | |
| 245 | 1 | 0 |
_aالخارطة الاجتماعية لمدينة الدوحة دراسة سسيوانثرويولوجية / _cفاروق اسماعيل |
| 700 | 1 | _aعلى ليلة | |
| 700 | 1 | _aمركز الوثائق والدراسات الانسان | |
| 700 | 1 | _aظبية حمد الكعبى | |
| 260 |
_a[S.N] : _bمركز الوثاثق والدراسات الانسانية ، _c1993 |
||
| 300 | _a790 ص | ||
| 490 | _a | ||
| 650 | 0 | 4 | _aالاجتماع |
| 650 | 0 | 4 | _aالمدن |
| 650 | 0 | 4 | _aالقرى |
| 650 | 0 | 4 | _aالاجتماع الحضرى |
| 650 | 0 | 4 | _aالدوحة |
| 942 |
_2ddc _cBK |
||
| 999 |
_c30810 _d30810 |
||